Hockey Terminology - Statistics

General Stats
  • This quiz has been taken 341 times
  • The average score is 14 of 23
Answer Stats
Hint Answer % Correct
Snap ____ Shot
90%
Hat-____ Trick
87%
Delayed Offside
86%
____ Box Penalty
86%
Power ____ Play
86%
____ Shot Slap
81%
Poke ____ Check
80%
Go-Ahead ____ Goal
80%
Drop the ____ Gloves
74%
Toe ____ Drag
70%
____ Check Stick
70%
High ____ Stick
70%
Pull the ____ Goalie
69%
Odd-Man ____ Rush
62%
____ Brawl Line
50%
Penalty ____ Kill
45%
Open ____ Net
38%
Suicide ____ Pass
37%
Yard ____ Sale
35%
Offensive ____ Zone
30%
Line ____ Change
26%
Tag ____ Up
19%
Game ____ Misconduct
10%
No matching quizzes found
Score Distribution
Percent of People with Each Score
Percentile by Number Answered
Your Score History
You have not taken this quiz